Movies Quiz

Random Movies or Letter Quiz

James Bond A-Z Quiz Stats

 Plays Quiz Updated Jun 21, 2018

Also try: James Bond Movies
Challenge
Share
Tweet
Embed
Score 0/13 Timer 02:00
5 Plays Today
Letter Bond Films % Correct
GGoldfinger, GoldenEye
93.4%
DDr. No, Diamonds are Forever, Die Another Day
92.7%
OOn Her Majesty's Secret Service, Octopussy
87.1%
CCasino Royale
83.4%
QQuantum of Solace
82%
LLicence to Kill, Live and Let Die, The Living Daylights
78%
MThe Man with the Golden Gun, Moonraker
76.2%
FFrom Russia With Love, For Your Eyes Only
74.9%
TThunderball, Tomorrow Never Dies
69.6%
YYou Only Live Twice
60.8%
SThe Spy Who Loved Me, Skyfall
59.3%
VA View to a Kill
45.5%
WThe World is Not Enough
42.8%

You're not logged in!

Compare scores with friends on all Sporcle quizzes.
OR
Log In

You Might Also Like...

Show Comments

Extras

Top Quizzes Today


Score Distribution

Your Account Isn't Verified!

In order to create a playlist on Sporcle, you need to verify the email address you used during registration. Go to your Sporcle Settings to finish the process.

Report this User

Report this user for behavior that violates our Community Guidelines.

Details: